| 000 | 00670nam a2200229Ia 4500 | ||
|---|---|---|---|
| 005 | 20221013104214.0 | ||
| 008 | 140110s9999 xx 000 0 und d | ||
| 020 |
_a9780495810629 _cRs.1482.00 |
||
| 040 | _aLoreto College | ||
| 041 | _aEnglish | ||
| 082 |
_a152.8 _bWHI |
||
| 100 | _aWhitley,Bernard E. | ||
| 245 | 4 |
_aThe psychology of prejudice and discrimination _cBernard E.Whitley and Mary E.Kite |
|
| 250 | _a2nd ed. | ||
| 260 |
_aAustralia _bWadsworth Cengage Learning _c2010 |
||
| 300 | _a692p. | ||
| 504 | _aIncludes bibliographical references,glossary and index | ||
| 650 | _aPsychology | ||
| 700 | _aKite, Mary E. | ||
| 850 | _aLCLIB | ||
| 942 | _cBK | ||
| 999 |
_c37118 _d87597 |
||